<?xml version="1.0" encoding="UTF-8"?>
<collection xmlns="http://www.loc.gov/MARC21/slim">
    <record>
        <controlfield tag="001">97682</controlfield>
        <controlfield tag="005">20210118122853.0</controlfield>
        <datafield tag="037" ind1=" " ind2=" ">
            <subfield code="a">TAZ-TFG-2020-5193</subfield>
        </datafield>
        <datafield tag="041" ind1=" " ind2=" ">
            <subfield code="a">spa</subfield>
        </datafield>
        <datafield tag="100" ind1="1" ind2=" ">
            <subfield code="a">Herrero Cambra, Guillermo </subfield>
        </datafield>
        <datafield tag="242" ind1="0" ind2="0">
            <subfield code="a">Mineral transformations during bauxitic clays firing process related with physical properties of refractory materials</subfield>
        </datafield>
        <datafield tag="245" ind1="0" ind2="0">
            <subfield code="a">Transformaciones minerales durante el proceso de cocción de arcillas bauxíticas y su relación con propiedades físicas de refractarios</subfield>
        </datafield>
        <datafield tag="260" ind1=" " ind2=" ">
            <subfield code="a">Zaragoza</subfield>
            <subfield code="b">Universidad de Zaragoza</subfield>
            <subfield code="c">2020</subfield>
        </datafield>
        <datafield tag="506" ind1=" " ind2=" ">
            <subfield code="a">by-nc-sa</subfield>
            <subfield code="b">Creative Commons</subfield>
            <subfield code="c">3.0</subfield>
            <subfield code="u">http://creativecommons.org/licenses/by-nc-sa/3.0/</subfield>
        </datafield>
        <datafield tag="520" ind1=" " ind2=" ">
            <subfield code="a">This research focuses on the mineral and textural transformations during the firing process (from 1000 to 1300ºC) of a bauxite sample from the Sant Mamet Mountain Range (Lérida). This sample, mainly made of bohemite, iron oxides and kaolinite, was mixed in a 90/10 ratio with a clay from the Escucha Fm, mainly composed by quartz and illite. Both the raw and the fired samples at different temperatures were analyzed by X-ray diffraction, optical and electronic microscopy aswell as geochemically characterized by X-ray fluorescence. Also, their physical&lt;br />properties were determined, including density, linear shrinkage, colour, porosity and point load resistance. The clays were destabilized at 1000º and transformed to mullite but they kept their morphologies at this temperature. At this temperature, Fe and Al oxyhydroxides were destabilized too. At increasing firing temperatures, more mineral phases as quartz and hematite began to destabilize leading to the formation of a vitreous phase, which gave rise to the crystallization of abundant mullite, clearly the most abundant phase at 1200 and 1300ºC. With increasing temperature, mullite composition shows lower Si/Al rate and thus, it is closer to empirical mullite formula. With regard to physical properties, variations in density, linear shrinkage, weight loss, total porosity, average pores size and results in point load test are related to the destabilization of the initial mineral phases, the formation of the vitreous phase and the subsequent crystallization of mullite. Changes in colour are due to the initial crystallization of hematite and its subsequent destabilization.&lt;br />&lt;br /></subfield>
        </datafield>
        <datafield tag="521" ind1=" " ind2=" ">
            <subfield code="a">Graduado en Geología</subfield>
        </datafield>
        <datafield tag="540" ind1=" " ind2=" ">
            <subfield code="a">Derechos regulados por licencia Creative Commons</subfield>
        </datafield>
        <datafield tag="700" ind1=" " ind2=" ">
            <subfield code="a">Yuste Oliete, Alfonso </subfield>
            <subfield code="e">dir.</subfield>
        </datafield>
        <datafield tag="710" ind1="2" ind2=" ">
            <subfield code="a">Universidad de Zaragoza</subfield>
            <subfield code="b"> </subfield>
            <subfield code="c"></subfield>
        </datafield>
        <datafield tag="856" ind1="0" ind2=" ">
            <subfield code="f">680726@unizar.es</subfield>
        </datafield>
        <datafield tag="856" ind1="4" ind2=" ">
            <subfield code="s">1770024</subfield>
            <subfield code="u">http://zaguan.unizar.es/record/97682/files/TAZ-TFG-2020-5193.pdf</subfield>
            <subfield code="y">Memoria (spa)</subfield>
        </datafield>
        <datafield tag="909" ind1="C" ind2="O">
            <subfield code="o">oai:zaguan.unizar.es:97682</subfield>
            <subfield code="p">driver</subfield>
            <subfield code="p">trabajos-fin-grado</subfield>
        </datafield>
        <datafield tag="950" ind1=" " ind2=" ">
            <subfield code="a"></subfield>
        </datafield>
        <datafield tag="951" ind1=" " ind2=" ">
            <subfield code="a">deposita:2021-01-18</subfield>
        </datafield>
        <datafield tag="980" ind1=" " ind2=" ">
            <subfield code="a">TAZ</subfield>
            <subfield code="b">TFG</subfield>
            <subfield code="c">CIEN</subfield>
        </datafield>
        <datafield tag="999" ind1=" " ind2=" ">
            <subfield code="a">20201204094957.CREATION_DATE</subfield>
        </datafield>
    </record>

    
</collection>